NBA EASTERN teams - Statistics

General Stats
  • This quiz has been taken 17 times
  • The average score is 13 of 15
Answer Stats
Hint Answer % Correct
18 Celtics
100%
3 Heat
100%
2 Knicks
100%
2 Bucks
90%
6 Bulls
90%
0 Hawks
90%
0 Nets
90%
3 Pistons
90%
1 Raptors
90%
3 76ers
80%
1 Cavaliers
80%
0 Hornets
80%
0 Magic
80%
0 Pacers
80%
1 Wizards
70%
No matching quizzes found
Score Distribution
Percent of People with Each Score
Percentile by Number Answered
Your Score History
You have not taken this quiz